000 00402nam a22001577a 4500
003 NUST - PNEC
005 20170116181027.0
008 150917b xxu||||| |||| 00| 0 eng d
040 _cLIBRARY
082 _a621.833 DUD
100 _910862
_aDudley, Darle W.
245 _aPractical gear design.
_cDarle W. Dudley
260 _cc.1954
650 _910811
_aGearing--Design
_xME, IME
942 _2ddc
_cBK
999 _c67580
_d67580